| 000 | 00988nac a22002771u 4500 | ||
|---|---|---|---|
| 010 | _a 89001169 | ||
| 020 | _a0444988750 : | ||
| 082 | 0 | 0 |
_a624.1 _bVOR |
| 090 |
_c6145 _d6145 |
||
| 100 | _aVorlicek, Milos . | ||
| 245 | 1 | 0 |
_aAnalysis of dimensional accuracy of building structures / _cMilos Vorlicek , Milan Holicky. |
| 260 |
_aAmsterdam ; _aNew York : _bElsevier,c.1989. _cc.1989. |
||
| 300 |
_a260 p. : _bill. ; _c25 cm. |
||
| 490 | 1 |
_aDevelopments in civil engineering ; _v26 |
|
| 500 | _aTranslation of: GeometrickaÌ? prÌŒesnost stavebniÌ?ch konstrukciÌ?. | ||
| 500 | _aIncludes index. | ||
| 500 | _aDistributer: Al-Ahram. | ||
| 504 | _aBibliography: p. 251-255. | ||
| 511 | _aCatalogued By: Mahitab. | ||
| 650 | 0 | _aStructural engineering. | |
| 650 | 0 | _aModular coordination (Architecture) | |
| 650 | 0 | _aDimensions. | |
| 700 | 1 | _aHolicky, Milan. | |
| 830 | 0 | _aDevelopments in civil engineering ; | |
| 942 |
_cBB _k624.1VOR |
||
| 999 |
_c6145 _d6145 |
||